000 00321nam a22001337a 4500
008 170428b xxu||||| |||| 00| 0 eng d
020 _a9780873678544
041 _aeng
080 _a342
100 _a13
101 _aSHJ
245 _aPUBLIC EDUCATION DEMOCRACY AND THE COMMON GOOD
_cWALLING.D.R
942 _2udc
_cBK
999 _c12299
_d12299